000 01901nem0a2200289 4500
001 RU\NLR\BIBL_A\016313140
005 20250625035500.0
035 _a(NLR Aleph) 016313140
090 _a13008905
_c13008905
100 _a20230316d1878 |||y0rusy50 ca
101 0 _arus
102 _aRU
120 _aayy xx||
123 1 _aа
_b210000
200 1 _aКарта местности к северу от параллели Адрианополь - Мидия по рекогносцировкам, произведенным чинами Военно-топографической съемки Восточной Болгарии
_bКарты
_fсоставленная и литографированная при Управлении съемки Западной Болгарии в 1878 году
_gчертили классные топографы, титулярные советники Трилев и Маргевич 2-й
206 _a1:210 000, 5 верст в дюйме (2,1 км в 1 см)
210 _a[Санкт-Петербург
_cВоенно-топографический отдел Главного штаба]
_d1878
215 _a1 к
_c1 цв.
_d58х71 (59х74) см
330 _aПоказана территория от Адрианополя (совр. Эдирне, Турция) и Мидии до Ямбола и Ахиола (совр. Поморие, Болгария)
509 0 1 _7ca
_aБолгария, юго-вост. часть
_92639586
_3RU\NLR\AUTH\5508614
606 1 _aРусско-турецкая война
_z1877 - 1878
_91688540
_3RU\NLR\AUTH\661048958
607 _aБолгария
_jКарты
_9990929
_3RU\NLR\AUTH\6656366
608 _aОбщегеографические карты крупномасштабные
_92326968
_3RU\NLR\AUTH\661391775
852 _aNLR
_bК
_j3-Балк 3/128
_m13646
942 _cMAP
980 _aNB